| 000 | 00656nam a22002057a 4500 | ||
|---|---|---|---|
| 005 | 20150921092439.0 | ||
| 008 | 970611s1998 mau 001 0 eng | ||
| 010 | _a97025762 | ||
| 024 | 0 | _aeng | |
| 080 | _a330.113 | ||
| 245 | 0 | 0 | _aBusiness law and the regulatory environment : |
| 250 |
_a10th ed. / _bJane P. Mallor ... [et al.]. |
||
| 260 |
_aBoston : _bIrwin/McGraw-Hill, _c[c1998] |
||
| 300 |
_a1213, A2-10, B1-113, G1-26, I1-12 f. ; _c26 cm. |
||
| 440 | 0 | _aIrwin/McGraw-Hill legal studies in business series | |
| 505 | _aindex. f. G-24 - I-12 | ||
| 650 | 0 | _aLigji i Biznesit | |
| 700 | 1 | _aMallor, Jane P. | |
| 942 |
_2udc _cBK |
||
| 999 |
_c514 _d514 |
||